000 01080nam a2200301 a 4500
001 352
003 BD-RjUL
005 20211208233149.0
008 160606s1965 xx ce 001 0 eng d
035 _a(BD-RjUL)369
035 _a(OCoLC)269009
040 _aDLC
_cOKentU
_dOCoLC
_dDLC
_dBD-RjUL
_beng
041 _aeng
082 0 0 _221
_a020
_bLIB 1965
245 0 0 _aLibrary science today :
_bRanganathan festschrift /
_cEdited by, P N Kaula
260 _aNew York :
_bAsia Pub. House,
_cc1965.
300 _a V :
_bill ;
_c25 cm.
490 1 _aRanganathan series in library science,
_vv-1
505 _a V. 1. Paper Contributed on the 71st Birthday of Dr S R Ranganathan (12 August 1962)
600 1 0 _aRanganathan, S. R.
_q(Shiyali Ramamrita),
_d1892-1972
_xBibliography.
_9129823
650 0 _aLibrary science
_zIndia.
_91122
700 1 _aRanganathan, S. R.
_q(Shiyali Ramamrita),
_91124
700 1 _aKaula, P. N.
_q(Prithvi Nath),
_d1924-
_91125
830 0 _v14-15.
_9129824
830 0 _aRanganathan series in library science ;
_9127758
942 _2ddc
_cBK
999 _c352
_d352